00418nam a2200157Ia 45000010006000000050017000060080041000230410008000640820016000721000045000882450074001332600009002073000028002166500008002446540008002522099420260306172846.0260306t2015||||xx |||||||||||||| ||spa|| aESP a343.83bF75 aForo Académico Asociación CivileAUT 0aDinámica actual del comercio exterior y el rol de la aduana moderna c2015 a110 páginas :c28 cm. aGEN aCCO